000 00671nam a2200277Ia 4500
005 20260324144827.0
008 008 260324s9999 xx 000 0 eng d
020 _a9780429305696
037 _aEBOOK
040 _aCRL
040 _beng
040 _cCRL
041 _2eng
041 _aeng
084 _qCRL
100 _aJeffrey Simon; Trond Gilberg
_91220755
245 0 _aSecurity Implications Of Nationalism In Eastern Europe
260 _bTaylor and Francis
260 _c1986
365 _a
365 _b220
856 _uhttp://www.taylorfrancis.com/books/9780429305696
942 _cEBOOK
999 _c1827855
_d1827855